Central Library OPAC University of Rajshahi

Personality and persuasibility / (Record no. 29385)

MARC details
000 -LEADER
fixed length control field 00915nam a22002771 4500
001 - CONTROL NUMBER
control field 29385
003 - CONTROL NUMBER IDENTIFIER
rucl marc code BD-RjUL
005 - DATE AND TIME OF LATEST TRANSACTION
control field 20211209051416.0
008 - FIXED-LENGTH DATA ELEMENTS--GENERAL INFORMATION
fixed length control field 140403r19621959ctua b 000 0 eng
035 ## - SYSTEM CONTROL NUMBER
System control number (BD-RjUL)29470
040 ## - CATALOGING SOURCE
Original cataloging agency DLC
Transcribing agency DLC
Modifying agency DLC
-- BD-RjUL
Language of cataloging eng
041 ## - LANGUAGE CODE
Language code of text/sound track or separate title eng
082 00 - DEWEY DECIMAL CLASSIFICATION NUMBER
Classification number 155.232
Edition number 19
Author mark and year PER 1962
245 00 - TITLE STATEMENT
Title Personality and persuasibility /
Statement of responsibility, etc. Irving L. Janis [...et all].
260 ## - PUBLICATION, DISTRIBUTION, ETC. (IMPRINT)
Place of publication, distribution, etc. New Haven :
Name of publisher, distributor, etc. Yale University Press,
Date of publication, distribution, etc. c1959 [Reprinted 1962].
300 ## - PHYSICAL DESCRIPTION
Pagination xiv, 333 p. :
Illustrations ill., diagrs., tables. ;
Size 23 cm.
504 ## - BIBLIOGRAPHY, ETC. NOTE
Bibliography, etc Bibliography: p. 325-333.
650 #0 - SUBJECT ADDED ENTRY--TOPICAL TERM
Topical term or geographic name as entry element Persuasion (Psychology)
9 (RLIN) 7285
Topical term or geographic name as entry element Personality.
9 (RLIN) 89613
Topical term or geographic name as entry element Change (Psychology)
9 (RLIN) 42030
700 1# - ADDED ENTRY--PERSONAL NAME
Personal name Janis, Irving L.
Fuller form of name (Irving Lester),
Dates associated with a name 1918-1990.
942 ## - ADDED ENTRY ELEMENTS (KOHA)
Source of classification or shelving scheme Dewey Decimal Classification
Koha item type Books
Holdings
Lost status Source of classification or shelving scheme Damaged status Not for loan Collection code Permanent Location Current Location Shelving location Date acquired Source of acquisition Cost, normal purchase price Total Checkouts Full call number Date last seen Copy number Koha item type
  Dewey Decimal Classification     Non-fiction Central Library, University of Rajshahi Central Library, University of Rajshahi   11/02/1965 Zitlinger 37.60   155.232 PER 1962 03/04/2014 C-2 Books